| 000 | 01218cad a22002655a 4500 | ||
|---|---|---|---|
| 001 | L148503 | ||
| 008 | 090928e20090903xxk f l f000 0 eng d | ||
| 035 | _a(Sirsi) u148503 | ||
| 041 | 0 | _aeng | |
| 050 | 0 | 4 | _a692.2 $2 18 |
| 110 | 2 |
_aUnited Kingdom _kLaws, etc. _95044 |
|
| 245 | 0 | 4 |
_aThe Building (Amendment No.2) Regulations 2009 _h[electronic resource] |
| 260 |
_aLondon _bOPSI _c2009 |
||
| 490 | 0 |
_aSI _v(2397) 2009 |
|
| 520 | _aAmend the Building Regulations 2000. Modify regulation 17K to provide an updated reference to the document "The Water Efficiency Calculator for New Dwellings", omit regulation 22A, add to the list in Schedule 2A, and add a saving preserving the extension of time limit for the prosecution of certain contraventions when occurred before 22nd September 2008. | ||
| 520 | _aComes into force on 1st October 2009. | ||
| 521 | _aAdvanced | ||
| 590 | _aKA | ||
| 650 | 2 | 4 | _aBUILDING (AMENDMENT NO.2) REGULATIONS 2009 |
| 650 | 2 | 4 | _aBUILDING REGULATIONS 2000 |
| 651 | 4 | _aENGLAND AND WALES | |
| 690 | _aBUILT ENVIRONMENT-BUILDING STANDARDS | ||
| 856 | 4 | 0 |
_uhttps://www.opsi.gov.uk/si/si2009/uksi_20092397_en_1 _zView the item free of charge online at www.opsi.gov.uk... |
| 942 | _n0 | ||
| 999 |
_c110072 _d110072 |
||